00740cam a2200229 a 4500001000500000005001700005020001800022040002300040050002200063082001000085100002800095245004100123260003700164300005800201505000800259520008200267521002900349521002000378650005300398650004500451650001400496378920240507145327.0 a9780140559040 aDLCcDLCdDLCbeng00aPE1155.J645b199500a421.11 aJohnson, Stephend1964-10aAlphabet city /cStephen T. Johnson. aNew York :bPuffin Books ;c1995 a32 unnumbered pages : bcolor illustrations ;c28 cm. aK  aPaintings of objects in an urban setting present the letters of the alphabet.1 a510 bLexile estimate 1 aK bRaz-Plus  0aEnglish languagexAlphabetxJuvenile literature. 0aCity and town lifexJuvenile literature. 1aAlphabet.